Sueños y realidades / (Record no. 160524)

MARC details
000 -LEADER
campo de control de longitud fija 00864nam a2200217 i 4500
001 - NÚMERO DE CONTROL
campo de control 160524
003 - IDENTIFICADOR DE NÚMERO DE CONTROL
campo de control ES-MaACL
005 - FECHA Y HORA DE LA ÚLTIMA TRANSACCIÓN
campo de control 20250524063056.0
008 - DATOS DE LONGITUD FIJA--INFORMACIÓN GENERAL
campo de control de longitud fija 041007s1878 sp |||| | spa d
040 ## - FUENTE DE CATALOGACIÓN
Centro catalogador/agencia de origen CAM
Lengua de catalogación spa
Centro/agencia transcriptor CAM
080 ## - NÚMERO DE LA CLASIFICACIÓN DECIMAL UNIVERSAL
Número de la Clasificación Decimal Universal 821.134.2-34"18"
100 1# - ENTRADA PRINCIPAL--NOMBRE DE PERSONA
Nombre de persona Navarrete, Ramón de,
Fechas asociadas al nombre 1818-1897
9 (RLIN) 85042
245 10 - MENCIÓN DEL TÍTULO
Título Sueños y realidades /
Mención de responsabilidad, etc. por Ramón de Navarrete; con un prólogo de Carlos Coello.
260 ## - PUBLICACIÓN, DISTRIBUCIÓN, ETC.
Lugar de publicación, distribución, etc. Madrid :
Nombre del editor, distribuidor, etc. Oficinas de la Ilustracion Española y Americana,
Fecha de publicación, distribución, etc. 1878 (
Fabricante Imprenta, estereotipia y galvanoplastia de Aribau y cª)
300 ## - DESCRIPCIÓN FÍSICA
Extensión 448 p. ;
Dimensiones 22 cm.
530 ## - NOTA DISPONIBLE DE FORMULARIO FÍSICO ADICIONAL
Nota de formato físico adicional disponible Disponible en formato digital.
700 0# - ENTRADA AGREGADA--NOMBRE PERSONAL
Nombre de persona Coello, Carlos.
9 (RLIN) 39456
852 ## - LOCALIZACIÓN
Ubicación ES-MaACL
Número de control de estantería F-13356
Nota libre -- Enc. pasta española
856 ## - LOCALIZACIÓN Y ACCESO ELECTRÓNICOS
Identificador Uniforme de Recursos <a href="http://bdh-rd.bne.es/viewer.vm?id=0000084011&page=1 ">http://bdh-rd.bne.es/viewer.vm?id=0000084011&page=1 </a>
Nota pública Biblioteca Digital Hispánica
Holdings
Estatus retirado Estado de pérdida Estado de daño No para préstamo Colección Biblioteca de origen Biblioteca actual Ubicación en estantería Fecha de adquisición Fuente de adquisición Total de préstamos Signatura topográfica completa Código de barras Visto por última vez Precio de reemplazo Tipo de ítem Koha
        Colección digital Biblioteca del Ateneo de Madrid Biblioteca del Ateneo de Madrid Sala Pecera Planta 2 17/01/2008     F-13356 1168080 23/02/2023 23/02/2023 Libro impreso antiguo